000 00345 a2200121 4500
001 65303
040 _cAnchieta - Pituba
240 1 0 _a1ª Avaliação de Língua Portuguesa e Literatura, 2º série
_lpor
245 1 0 _a1ª Avaliação de Língua Portuguesa e Literatura, 2º série
362 0 _a2018
650 4 _aLíngua Portuguesa
942 _cBK
999 _c65303
_d65303